[Event "Karpenisi rapid op 12th"]
[Site "Karpenisi"]
[Date "2022.09.04"]
[Round "6"]
[White "Konstantelias, Konstantinos"]
[Black "Tsekouras, Vasilios"]
[Result "0-1"]
[WhiteElo "1781"]
[BlackElo "1951"]
[PlyCount "47"]
[EventDate "2022.09.02"]
[EventType "swiss (rapid)"]
[EventRounds "7"]
[EventCountry "GRE"]
[SourceTitle "EXT 2024"]
[Source "ChessBase"]
[SourceDate "2023.10.10"]
[SourceVersion "1"]
[SourceVersionDate "2023.10.10"]
[SourceQuality "1"]

1. d4 Nf6 2. Nc3 d5 3. Bf4 Bf5 4. f3 e6 5. Qd2 c5 6. e3 Nc6 7. a3 cxd4 8. exd4 Be7 9. Nge2 0-0 10. g4 Bg6 11. Be3 Bd6 12. Nf4 a6 13. Nxg6 hxg6 14. 0-0-0 b5 15. Nb1 Na5 16. b3 Qc7 17. Kb2 Rab8 18. h4 Rfc8 19. h5 gxh5 20. g5 Ne8 21. Rxh5 Nc4+ 22. Bxc4 bxc4 23. Qe2 Qb6 24. Bd2 0-1

[Event "Kavala op 30th"]
[Site "Kavala"]
[Date "2021.08.01"]
[Round "1"]
[White "Ioannidis, Evgenios"]
[Black "Konstantelias, Konstantinos"]
[Result "1-0"]
[WhiteElo "2422"]
[BlackElo "1966"]
[PlyCount "55"]
[EventDate "2021.08.01"]
[EventType "swiss"]
[EventRounds "9"]
[EventCountry "GRE"]
[SourceTitle "CBM 203 Extra"]
[Source "ChessBase"]
[SourceDate "2021.09.30"]
[SourceVersion "1"]
[SourceVersionDate "2021.09.30"]
[SourceQuality "1"]

1. e4 d5 2. exd5 Qxd5 3. Nc3 Qd8 4. d4 Nf6 5. Nf3 Bg4 6. h3 Bxf3 7. Qxf3 c6 8. Be3 e6 9. 0-0-0 Bb4 10. Ne4 Nxe4 11. Qxe4 Qd5 12. Qxd5 cxd5 13. a3 Be7 14. c4 dxc4 15. Bxc4 Nd7 16. Bb5 a6 17. Ba4 b5 18. Bb3 Nf6 19. Rhe1 0-0-0 20. Kb1 Nd5 21. Bc1 g5 22. g3 Bf6 23. Rf1 Be7 24. f4 gxf4 25. gxf4 Rhg8 26. f5 Rg3 27. Bxd5 exd5 28. Bf4 1-0

[Event "EU-ch Amateur Online Final 2000/2300"]
[Site "Tornelo INT"]
[Date "2021.04.28"]
[Round "3"]
[White "Konstantelias, Konstantinos"]
[Black "El Mchaouri Mas, Younes"]
[Result "1-0"]
[WhiteElo "1966"]
[BlackElo "2207"]
[PlyCount "83"]
[EventDate "2021.04.28"]
[EventType "swiss (rapid)"]
[EventRounds "9"]
[EventCountry "NET"]
[SourceTitle "EXT 2023"]
[Source "ChessBase"]
[SourceDate "2022.10.05"]
[SourceVersion "1"]
[SourceVersionDate "2022.10.05"]
[SourceQuality "1"]

1. f4 d5 2. Nf3 Bg4 3. e3 Nd7 4. d4 Ngf6 5. Bd3 e6 6. 0-0 Bd6 7. Nbd2 c5 8. c3 Qc7 9. Qe1 cxd4 10. cxd4 0-0 11. Ne5 Bf5 12. Bxf5 exf5 13. Qe2 Rac8 14. Ndf3 Qc2 15. Rf2 Qxe2 16. Rxe2 Rc7 17. b3 Rfc8 18. Bb2 Rc2 19. Rae1 Bb4 20. Rxc2 Rxc2 21. Rb1 Nxe5 22. dxe5 Ne4 23. a3 Bc5 24. Bd4 b6 25. b4 Bxd4 26. Nxd4 Rc3 27. Nxf5 Rxa3 28. Ne7+ Kf8 29. Nxd5 Rd3 30. Nc7 Rxe3 31. g3 h5 32. Rc1 Nc3 33. Kf2 Rd3 34. Ra1 Rd2+ 35. Kf3 Rxh2 36. Rxa7 g6 37. Ra8+ Kg7 38. Ne8+ Kf8 39. Nf6+ Kg7 40. Rg8+ Kh6 41. Ne8 Nd5 42. Rh8# 1-0

[Event "Thessaloniki Vardaris op 6th"]
[Site "Thessaloniki"]
[Date "2020.03.02"]
[Round "7"]
[White "Stamatiou, Rodolfos"]
[Black "Konstantelias, Konstantinos"]
[Result "1/2-1/2"]
[WhiteElo "2118"]
[BlackElo "1987"]
[PlyCount "116"]
[EventDate "2020.02.27"]
[EventType "swiss"]
[EventRounds "7"]
[EventCountry "GRE"]
[SourceTitle "CBM 195 Extra"]
[Source "ChessBase"]
[SourceDate "2020.05.31"]
[SourceVersion "1"]
[SourceVersionDate "2020.05.31"]
[SourceQuality "1"]

1. c4 f5 2. Nc3 Nf6 3. g3 c6 4. d4 d6 5. Bg2 g6 6. h4 Bg7 7. Bg5 Qa5 8. Qc2 Be6 9. Bd2 Qc7 10. b3 Na6 11. Nh3 Qd7 12. Nf4 Bf7 13. Rd1 Nb4 14. Qb1 e5 15. dxe5 dxe5 16. Nh3 Qe7 17. 0-0 0-0 18. Bc1 Rfd8 19. Ba3 a5 20. Bb2 Rxd1 21. Rxd1 Rd8 22. Rxd8+ Qxd8 23. Ng5 e4 24. Nxf7 Kxf7 25. a3 Na6 26. Qc2 Ng4 27. Bh3 Ne5 28. Bc1 Qe7 29. h5 Nc5 30. hxg6+ hxg6 31. Be3 Ne6 32. Qc1 Qd6 33. g4 Nxg4 34. Bxg4 Bxc3 35. Qxc3 fxg4 36. Qxa5 Qd1+ 37. Kh2 Qxb3 38. Qa7 Qxc4 39. Qxb7+ Kf6 40. Qb2+ Kf5 41. Kg2 c5 42. Kh2 Nd4 43. Qb8 Ne6 44. Qd6 g5 45. Qd2 Qb3 46. Qa5 Qd5 47. Qa7 Qd6+ 48. Kg2 Kg6 49. Qa8 Kf5 50. Qg8 Nf4+ 51. Bxf4 gxf4 52. Qh7+ Ke5 53. Qh5+ Kd4 54. Qxg4 Qe5 55. Qd7+ Kc3 56. Qd1 Kc4 57. Qc2+ Kd5 58. a4 Qg7+ 1/2-1/2

[Event "GRE-chT 43rd"]
[Site "Porto Rio"]
[Date "2015.10.08"]
[Round "2.14"]
[White "Konstantelias, Konstantinos"]
[Black "Mavromihalis, Konstantinos"]
[Result "1-0"]
[WhiteElo "1993"]
[BlackElo "1823"]
[PlyCount "73"]
[EventDate "2015.10.08"]
[EventType "team-swiss"]
[EventRounds "7"]
[EventCountry "GRE"]
[SourceTitle "CBM 168 Extra"]
[Source "ChessBase"]
[SourceDate "2015.10.29"]
[SourceVersion "1"]
[SourceVersionDate "2015.10.29"]
[SourceQuality "1"]
[WhiteTeam "Polichnis"]
[BlackTeam "Kalamata"]
[WhiteTeamCountry "GRE"]
[BlackTeamCountry "GRE"]

1. e4 e6 2. b3 d5 3. Bb2 Nf6 4. e5 Nfd7 5. f4 c5 6. Nf3 Nc6 7. c3 a6 8. d4 b5 9. Be2 b4 10. cxb4 Nxb4 11. 0-0 g6 12. Kh1 Bb7 13. Nbd2 Rc8 14. a3 Nc6 15. dxc5 Bxc5 16. b4 Be3 17. g3 0-0 18. Bd3 Ne7 19. Qe2 Qb6 20. Rae1 Bxd2 21. Qxd2 Qd8 22. g4 Nb6 23. f5 exf5 24. gxf5 gxf5 25. Qh6 d4 26. Kg1 Qd5 27. Re4 Rc6 28. Rg4+ Rg6 29. Rxg6+ fxg6 30. Bxd4 Nd7 31. Qc1 Rc8 32. Qe3 Nf8 33. Bb1 Ne6 34. Ba1 Rc4 35. h3 Qc6 36. Ba2 f4 37. Qd3 1-0

[Event "Heraklion Gazi op 10th"]
[Site "Heraklion"]
[Date "2014.08.02"]
[Round "5"]
[White "Dounis, Alexandros"]
[Black "Konstantelias, Konstantinos"]
[Result "1-0"]
[WhiteElo "2246"]
[BlackElo "1975"]
[PlyCount "31"]
[EventDate "2014.07.30"]
[EventType "swiss"]
[EventRounds "9"]
[EventCountry "GRE"]
[SourceTitle "EXT 2016"]
[Source "ChessBase"]
[SourceDate "2015.10.08"]
[SourceVersion "1"]
[SourceVersionDate "2015.10.08"]
[SourceQuality "1"]

1. d4 f5 2. Nc3 Nf6 3. Bg5 d6 4. Bxf6 exf6 5. e3 c6 6. Bd3 Na6 7. Qf3 Qa5 8. d5 Nb4 9. Bxf5 Nxd5 10. Bxc8 Rxc8 11. Qf5 Kd8 12. 0-0-0 g6 13. Rxd5 Qxc3 14. Qf4 g5 15. Rxd6+ Kc7 16. Rxc6+ 1-0

[Event "Heraklion Gazi op 10th"]
[Site "Heraklion"]
[Date "2014.08.01"]
[Round "4"]
[White "Konstantelias, Konstantinos"]
[Black "Fragiadaki, Irini"]
[Result "1-0"]
[WhiteElo "1975"]
[BlackElo "1564"]
[PlyCount "25"]
[EventDate "2014.07.30"]
[EventType "swiss"]
[EventRounds "9"]
[EventCountry "GRE"]
[SourceTitle "EXT 2016"]
[Source "ChessBase"]
[SourceDate "2015.10.08"]
[SourceVersion "1"]
[SourceVersionDate "2015.10.08"]
[SourceQuality "1"]

1. e4 e5 2. d4 exd4 3. Qxd4 Nc6 4. Qe3 b6 5. Nc3 Bc5 6. Qg3 Qf6 7. Nd5 Qd4 8. Nxc7+ Kf8 9. Nxa8 Qxe4+ 10. Be3 Nd4 11. Bd3 Nxc2+ 12. Kd2 Nxe3 13. Bxe4 1-0

[Event "GRE-chT 42nd"]
[Site "Porto Rio"]
[Date "2014.07.02"]
[Round "6.4"]
[White "Stoumbos, Konstantinos"]
[Black "Konstantelias, Konstantinos"]
[Result "0-1"]
[WhiteElo "2233"]
[BlackElo "1937"]
[PlyCount "58"]
[EventDate "2014.06.28"]
[EventType "team-swiss"]
[EventRounds "7"]
[EventCountry "GRE"]
[SourceTitle "CBM 161 Extra"]
[Source "ChessBase"]
[SourceDate "2014.08.29"]
[SourceVersion "1"]
[SourceVersionDate "2014.08.29"]
[SourceQuality "1"]
[WhiteTeam "Panionios GS"]
[BlackTeam "Polichnis"]
[WhiteTeamCountry "GRE"]
[BlackTeamCountry "GRE"]

1. e4 d5 2. exd5 Qxd5 3. Nf3 Bg4 4. Be2 Nc6 5. 0-0 0-0-0 6. h3 Bh5 7. Nc3 Qd7 8. b4 Nxb4 9. Rb1 Nc6 10. Ne4 e5 11. c4 f5 12. Qb3 b6 13. Ng3 Bxf3 14. Qxf3 f4 15. Ba3 Nf6 16. Nh5 Kb8 17. Bd1 Nd4 18. Qc3 Nxh5 19. Bxh5 Qf5 20. Qa5 Qxh5 21. c5 e4 22. Qa6 Bxc5 23. Bxc5 Qxc5 24. Rfc1 Qd6 25. a4 f3 26. Rc4 Qg6 27. g4 e3 28. Ra1 exf2+ 29. Kh2 Qd6+ 0-1

[Event "Nikaia Fysiolatriko op 12th"]
[Site "Nikaia"]
[Date "2014.06.23"]
[Round "6"]
[White "Konstantelias, Konstantinos"]
[Black "Anagnostopoulos, Konstantinos"]
[Result "0-1"]
[WhiteElo "1937"]
[BlackElo "2188"]
[PlyCount "72"]
[EventDate "2014.06.19"]
[EventType "swiss"]
[EventRounds "9"]
[EventCountry "GRE"]
[SourceTitle "EXT 2016"]
[Source "ChessBase"]
[SourceDate "2015.10.08"]
[SourceVersion "1"]
[SourceVersionDate "2015.10.08"]
[SourceQuality "1"]

1. f4 g6 2. g3 Bg7 3. Bg2 c5 4. e4 d6 5. Nf3 Nc6 6. 0-0 Nf6 7. d3 Qc7 8. Nc3 a6 9. h3 0-0 10. Be3 Rb8 11. Qd2 b5 12. Rae1 b4 13. Ne2 c4 14. g4 b3 15. cxb3 cxd3 16. Qxd3 Nb4 17. Qb1 h5 18. gxh5 Nxh5 19. Rc1 Qd7 20. Rfd1 a5 21. Ned4 Bb7 22. a3 Na6 23. e5 Nc5 24. b4 Be4 25. Qa2 axb4 26. axb4 Rxb4 27. Rxc5 dxc5 28. e6 Qb7 29. exf7+ Kh8 30. Nh4 Rxb2 31. Qxb2 Qxb2 32. Bxe4 Bxd4 33. Bxd4+ cxd4 34. Nxg6+ Kg7 35. Nxf8 Kxf8 36. Bg6 Nxf4 0-1

[Event "GRE-chT 41st"]
[Site "Achaia"]
[Date "2013.07.04"]
[Round "4.2"]
[White "Halkias, Alexandros"]
[Black "Konstantelias, Konstantinos"]
[Result "1/2-1/2"]
[WhiteElo "2048"]
[BlackElo "1976"]
[PlyCount "115"]
[EventDate "2013.07.02"]
[EventType "team-swiss"]
[EventRounds "7"]
[EventCountry "GRE"]
[SourceTitle "CBM 155 Extra"]
[Source "ChessBase"]
[SourceDate "2013.08.26"]
[SourceVersion "1"]
[SourceVersionDate "2013.08.26"]
[SourceQuality "1"]
[WhiteTeam "Triandrias Chess Intervention"]
[BlackTeam "Polichnis"]
[WhiteTeamCountry "GRE"]
[BlackTeamCountry "GRE"]

1. d4 f5 2. Nf3 Nf6 3. g3 e6 4. Bg2 d5 5. b3 c6 6. 0-0 Nbd7 7. c4 Bd6 8. Ba3 Bxa3 9. Nxa3 Qe7 10. Nc2 0-0 11. Nce1 b6 12. Nd3 Bb7 13. Rc1 Rac8 14. cxd5 cxd5 15. b4 Ba6 16. Qa4 Bc4 17. Rfe1 a6 18. Nfe5 Nxe5 19. Nxe5 Bb5 20. Qb3 Rxc1 21. Rxc1 Bxe2 22. Qc2 Bb5 23. a4 Bc4 24. Nxc4 Rc8 25. Qe2 b5 26. Re1 Rxc4 27. Qxe6+ Qxe6 28. Rxe6 Rxb4 29. Rxa6 bxa4 30. Bf1 Ne4 31. f3 Nd2 32. Kf2 Nxf1 33. Kxf1 Rxd4 34. Ra5 Rd2 35. Rxa4 Kf7 36. h4 Kf6 37. Ra7 h6 38. Rd7 Ke5 39. Rxg7 f4 40. g4 Kd4 41. Ra7 Rh2 42. Ra4+ Ke5 43. h5 d4 44. Ra5+ Kd6 45. Ra6+ Kd5 46. Rxh6 d3 47. Ke1 Kd4 48. Re6 d2+ 49. Kd1 Kd3 50. Rd6+ Ke3 51. Kc2 Kxf3 52. Rxd2 Rh1 53. Rd1 Rh2+ 54. Kd3 Kxg4 55. Rg1+ Kf5 56. Rg8 Rxh5 57. Rf8+ Kg4 58. Ke4 1/2-1/2

[Event "GRE-chT 41st"]
[Site "Achaia"]
[Date "2013.07.02"]
[Round "1.2"]
[White "Galopoulos, Nikolaos"]
[Black "Konstantelias, Konstantinos"]
[Result "1-0"]
[WhiteElo "2343"]
[BlackElo "1976"]
[PlyCount "81"]
[EventDate "2013.07.02"]
[EventType "team-swiss"]
[EventRounds "7"]
[EventCountry "GRE"]
[SourceTitle "CBM 155 Extra"]
[Source "ChessBase"]
[SourceDate "2013.08.26"]
[SourceVersion "1"]
[SourceVersionDate "2013.08.26"]
[SourceQuality "1"]
[WhiteTeam "Panionios GSS"]
[BlackTeam "Polichnis"]
[WhiteTeamCountry "GRE"]
[BlackTeamCountry "GRE"]

1. d4 d5 2. c4 e6 3. cxd5 exd5 4. Nc3 Nf6 5. Bg5 c6 6. e3 Nbd7 7. Bd3 Qa5 8. Qc2 Bd6 9. Nf3 0-0 10. 0-0 Re8 11. a3 a6 12. Rfc1 h6 13. Bh4 g5 14. Bg3 Bxg3 15. hxg3 Qc7 16. Re1 Qd6 17. b4 Nf8 18. Ne5 Ng4 19. Nxg4 Bxg4 20. Na4 Bh5 21. Qc5 Qc7 22. Rec1 Re7 23. Qb6 Qxb6 24. Nxb6 Rd8 25. a4 Nd7 26. Nxd7 Rdxd7 27. b5 axb5 28. axb5 cxb5 29. Rc5 f6 30. Bxb5 Rd6 31. Ra8+ Kg7 32. Rcc8 Bf7 33. Bd3 Be6 34. Rh8 f5 35. g4 Rf7 36. Rag8+ Kf6 37. Rxh6+ Ke7 38. Rb8 fxg4 39. Rxb7+ Kf8 40. Rxf7+ Kxf7 41. Bf5 1-0

[Event "GRE-chT 40th"]
[Site "Achaia"]
[Date "2012.07.04"]
[Round "6.5"]
[White "Konstantelias, Konstantinos"]
[Black "Hnaras, Foivos"]
[Result "1/2-1/2"]
[WhiteElo "2012"]
[BlackElo "1859"]
[PlyCount "120"]
[EventDate "2012.06.30"]
[EventType "team-swiss"]
[EventRounds "7"]
[EventCountry "GRE"]
[SourceTitle "CBM 149 Extra"]
[Source "ChessBase"]
[SourceDate "2012.08.24"]
[SourceVersion "1"]
[SourceVersionDate "2012.08.24"]
[SourceQuality "1"]
[WhiteTeam "Polichnis"]
[BlackTeam "Chania Kydon"]
[WhiteTeamCountry "GRE"]
[BlackTeamCountry "GRE"]

1. e4 e5 2. Nf3 Nc6 3. Bb5 a6 4. Ba4 d6 5. c3 f5 6. d3 Nf6 7. Nbd2 Be7 8. Bb3 d5 9. Qe2 fxe4 10. dxe4 d4 11. cxd4 Nxd4 12. Nxd4 Qxd4 13. Qc4 Qxc4 14. Bxc4 b5 15. Bd3 Bb7 16. f3 0-0-0 17. Ke2 Rd7 18. Nb3 c5 19. Bc2 c4 20. Nd2 Rhd8 21. Nf1 Bb4 22. Be3 Kc7 23. Rd1 Rxd1 24. Bxd1 Nd7 25. a3 Bc5 26. Bc2 Bxe3 27. Nxe3 Nc5 28. Rd1 Rxd1 29. Kxd1 Ne6 30. Kd2 Nd4 31. Bd1 Kd6 32. Kc3 Kc5 33. Ng4 Nc6 34. b3 cxb3 35. Bxb3 a5 36. Bg8 b4+ 37. axb4+ axb4+ 38. Kd2 h6 39. Bd5 Kd4 40. Ne3 g6 41. h4 Na5 42. Bf7 b3 43. Bxg6 Nc4+ 44. Nxc4 Kxc4 45. Bf7+ Kb4 46. g4 Ka3 47. Bc4 b2 48. Bd3 Ba6 49. Bb1 Bc4 50. g5 hxg5 51. hxg5 Ba2 52. Kc2 Bb3+ 53. Kc3 Ba2 54. Bd3 Bf7 55. Kd2 Bc4 56. Bb1 Ba2 57. Kc2 Bb3+ 58. Kc3 Ba2 59. Bc2 Bb3 60. Bd3 Bf7 1/2-1/2

[Event "GRE-chT 40th"]
[Site "Achaia"]
[Date "2012.07.01"]
[Round "2.13"]
[White "Aznaouridis, Sokratis Panagiot"]
[Black "Konstantelias, Konstantinos"]
[Result "1-0"]
[WhiteElo "1961"]
[BlackElo "2012"]
[PlyCount "87"]
[EventDate "2012.06.30"]
[EventType "team-swiss"]
[EventRounds "7"]
[EventCountry "GRE"]
[SourceTitle "CBM 149 Extra"]
[Source "ChessBase"]
[SourceDate "2012.08.24"]
[SourceVersion "1"]
[SourceVersionDate "2012.08.24"]
[SourceQuality "1"]
[WhiteTeam "AEK"]
[BlackTeam "Polichnis"]
[WhiteTeamCountry "GRE"]
[BlackTeamCountry "GRE"]

1. d4 Nf6 2. Nc3 d5 3. Bg5 Bf5 4. e3 e6 5. Bd3 Bxd3 6. cxd3 c6 7. Nf3 Nbd7 8. 0-0 h6 9. Bh4 g5 10. Bg3 Nh5 11. Ne5 Nxg3 12. fxg3 Nxe5 13. dxe5 Qb6 14. Qf3 Rh7 15. Rf2 0-0-0 16. d4 h5 17. Qd1 Be7 18. Qd3 Rg7 19. a3 Qb3 20. Raf1 Rf8 21. h3 Kd7 22. e4 a6 23. Qe2 g4 24. h4 Ke8 25. Qd2 Rg6 26. exd5 cxd5 27. Ne2 Rgg8 28. Qc3 Qxc3 29. bxc3 b5 30. Ra1 Kd7 31. a4 b4 32. Rb1 a5 33. cxb4 Bxb4 34. Nf4 Rh8 35. Nd3 Bc3 36. Nc5+ Kc6 37. Rc1 Bb4 38. Nxe6+ Kd7 39. Nxf8+ Rxf8 40. Kf1 Be7 41. Rfc2 Rb8 42. Rc7+ Kd8 43. Ra7 Ke8 44. Rxa5 1-0

[Event "GRE-chT 40th"]
[Site "Achaia"]
[Date "2012.07.01"]
[Round "3.16"]
[White "Papakonstantinou, Dimitrios1111"]
[Black "Konstantelias, Konstantinos"]
[Result "1-0"]
[WhiteElo "1804"]
[BlackElo "2012"]
[PlyCount "99"]
[EventDate "2012.06.30"]
[EventType "team-swiss"]
[EventRounds "7"]
[EventCountry "GRE"]
[SourceTitle "CBM 149 Extra"]
[Source "ChessBase"]
[SourceDate "2012.08.24"]
[SourceVersion "1"]
[SourceVersionDate "2012.08.24"]
[SourceQuality "1"]
[WhiteTeam "Amfissa Chess Union"]
[BlackTeam "Polichnis"]
[WhiteTeamCountry "GRE"]
[BlackTeamCountry "GRE"]

1. d4 f5 2. Nf3 Nf6 3. g3 e6 4. Bg2 d5 5. 0-0 Bd6 6. c4 c6 7. Nc3 0-0 8. Qc2 Ne4 9. Ne1 Qf6 10. f3 Nxg3 11. hxg3 Bxg3 12. f4 Qxd4+ 13. e3 Qxc4 14. Nf3 Qc5 15. b4 Qe7 16. a4 b6 17. Ba3 Bb7 18. Ne2 Bh4 19. Ned4 Bf6 20. Ra2 Rc8 21. Rc1 Nd7 22. Nb3 h6 23. a5 Qe8 24. Qd3 b5 25. Bb2 a6 26. Bxf6 gxf6 27. Kf2 Qe7 28. Nc5 Nxc5 29. Rxc5 Kh8 30. Nd4 Rc7 31. Qe2 Rg8 32. Qh5 Kh7 33. Kf1 Qd7 34. Bf3 Bc8 35. Rh2 Rg6 36. Bg2 e5 37. Nf3 Qg7 38. Nh4 Rg3 39. Nxf5 Bxf5 40. Qxf5+ Kg8 41. Rxc6 Qd7 42. Qxd7 Rxd7 43. Rh3 Rgg7 44. Rxf6 d4 45. exd4 Rxd4 46. fxe5 Rc7 47. Kg1 Rxb4 48. Bd5+ Kg7 49. Rg3+ Kh7 50. Bg8+ 1-0

[Event "Albena op 19th"]
[Site "Albena"]
[Date "2011.06.29"]
[Round "5"]
[White "Konstantelias, Konstantinos"]
[Black "Jaracz, Barbara"]
[Result "0-1"]
[WhiteElo "2078"]
[BlackElo "2275"]
[PlyCount "140"]
[EventDate "2011.06.25"]
[EventType "swiss"]
[EventRounds "9"]
[EventCountry "BUL"]
[SourceTitle "CBM 143 Extra"]
[Source "ChessBase"]
[SourceDate "2011.08.29"]
[SourceVersion "1"]
[SourceVersionDate "2011.08.29"]
[SourceQuality "1"]

1. e4 e5 2. Nf3 Nc6 3. Bb5 a6 4. Ba4 Nf6 5. Bxc6 dxc6 6. d3 Nd7 7. Nbd2 Be7 8. Nc4 f6 9. 0-0 0-0 10. Ne3 g6 11. h4 Nc5 12. g3 Bh3 13. Re1 Qd7 14. Kh2 Rad8 15. Ng1 Be6 16. a4 a5 17. Ng2 Bg4 18. f3 Be6 19. Qe2 Bf7 20. Bh6 Rfe8 21. Qd2 b6 22. Ne2 Ne6 23. Red1 c5 24. Ne3 Nd4 25. Kg2 Be6 26. b3 Bf8 27. Bxf8 Rxf8 28. Nxd4 cxd4 29. Nc4 Bxc4 30. bxc4 f5 31. Qg5 Qg7 32. h5 Rd6 33. h6 Qf6 34. Qxf6 Rdxf6 35. Rd2 fxe4 36. fxe4 g5 37. Rh1 Kf7 38. c5 Kg6 39. Rb1 Rc6 40. Rb5 Rxc5 41. Rxc5 bxc5 42. c3 Rd8 43. cxd4 Rxd4 44. Rc2 c4 45. dxc4 Rxe4 46. Kf3 Rd4 47. Rb2 Rxc4 48. Rb5 e4+ 49. Kg4 e3+ 50. Kf3 Rxa4 51. Rc5 Kxh6 52. Rxc7 Ra3 53. Kg4 Ra4+ 54. Kf3 Kg6 55. Rc6+ Kh5 56. Rc7 h6 57. Rc6 e2 58. Kxe2 Ra3 59. Kf2 a4 60. Rc4 g4 61. Rc5+ Kg6 62. Rc6+ Kg7 63. Rc7+ Kf6 64. Rc6+ Kg7 65. Rc7+ Kf8 66. Rc4 h5 67. Rc5 Rf3+ 68. Kg2 Rb3 69. Rxh5 Rb2+ 70. Kf1 a3 0-1

[Event "Thessaloniki Triandria op 4th"]
[Site "Thessaloniki"]
[Date "2011.05.01"]
[Round "9"]
[White "Konstantelias, Konstantinos"]
[Black "Kourkoulos Arditis, Stamatis"]
[Result "0-1"]
[WhiteElo "2095"]
[BlackElo "2124"]
[PlyCount "88"]
[EventDate "2011.04.25"]
[EventType "swiss"]
[EventRounds "9"]
[EventCountry "GRE"]
[SourceTitle "CBM 142 Extra"]
[Source "ChessBase"]
[SourceDate "2011.06.27"]
[SourceVersion "1"]
[SourceVersionDate "2011.06.27"]
[SourceQuality "1"]

1. f4 d5 2. Nf3 g6 3. e3 Bg7 4. d4 Nf6 5. Nbd2 0-0 6. b3 Bf5 7. Bb2 Ng4 8. Ke2 Nc6 9. h3 Nf6 10. a3 Ne4 11. Nxe4 dxe4 12. Ne5 Nxe5 13. dxe5 h5 14. g3 Qe8 15. Kf2 Rd8 16. Qe2 f6 17. exf6 Bxf6 18. Bxf6 Rxf6 19. Bg2 e5 20. Rad1 exf4 21. gxf4 Rc6 22. Kg3 g5 23. Rxd8 gxf4+ 24. exf4 Qxd8 25. c4 Rg6+ 26. Kh2 Qh4 27. Qe3 Qd8 28. Re1 Qd3 29. Bf1 Qd7 30. Be2 Qg7 31. Rg1 Rxg1 32. Qxg1 Qxg1+ 33. Kxg1 h4 34. Bf1 e3 35. Bg2 Kg7 36. Kf1 Bd3+ 37. Ke1 Kf6 38. Bxb7 Kf5 39. c5 Kxf4 40. b4 Bf5 41. b5 Bxh3 42. a4 Bd7 43. Bd5 h3 44. Kf1 Bg4 0-1

[Event "Thessaloniki Triandria op 4th"]
[Site "Thessaloniki"]
[Date "2011.04.30"]
[Round "8"]
[White "Hristodoulou, Panagiotis"]
[Black "Konstantelias, Konstantinos"]
[Result "0-1"]
[WhiteElo "2194"]
[BlackElo "2095"]
[PlyCount "102"]
[EventDate "2011.04.25"]
[EventType "swiss"]
[EventRounds "9"]
[EventCountry "GRE"]
[SourceTitle "CBM 142 Extra"]
[Source "ChessBase"]
[SourceDate "2011.06.27"]
[SourceVersion "1"]
[SourceVersionDate "2011.06.27"]
[SourceQuality "1"]

1. e4 Nc6 2. Nf3 e5 3. Bc4 Be7 4. c3 Nf6 5. d3 d6 6. Bb3 Be6 7. Bc2 d5 8. Nbd2 dxe4 9. dxe4 Nd7 10. Qe2 f6 11. Nf1 0-0 12. Ne3 Bc5 13. 0-0 Ne7 14. Rd1 c6 15. a4 a5 16. Nc4 Qc7 17. Be3 Bxe3 18. Nxe3 Rfd8 19. b4 Nb6 20. Nd2 c5 21. bxa5 Rxa5 22. Ndc4 Nxc4 23. Nxc4 Raa8 24. Rdb1 Nc6 25. Nb6 Ra7 26. Bb3 Bxb3 27. Rxb3 Qf7 28. Rb5 Ra5 29. h3 Rxb5 30. Qxb5 Qg6 31. Qc4+ Kh8 32. Re1 h5 33. Qxc5 Rd3 34. Kh2 h4 35. Nd5 Qg5 36. Rb1 Kh7 37. Ne3 Qf4+ 38. Kg1 Rd2 39. Nc4 Re2 40. Nd6 Nd4 41. Rf1 Nb3 42. Qb5 Nc1 43. Qxb7 Nd3 44. Nf5 Qg5 45. Qb5 Nf4 46. g4 Nxh3+ 47. Kh1 Qxg4 48. Ne3 Qf3+ 49. Kh2 Qxe3 50. Qd7 Rxf2+ 51. Rxf2 Qxf2+ 0-1

[Event "Thessaloniki op"]
[Site "Thessaloniki"]
[Date "2010.04.09"]
[Round "6"]
[White "Konstantelias, Konstantinos"]
[Black "Poley, Vladimir"]
[Result "0-1"]
[WhiteElo "2076"]
[BlackElo "2328"]
[PlyCount "60"]
[EventDate "2010.04.04"]
[EventType "swiss"]
[EventRounds "9"]
[EventCountry "GRE"]
[SourceTitle "CBM 135 Extra"]
[Source "ChessBase"]
[SourceDate "2010.05.04"]
[SourceVersion "1"]
[SourceVersionDate "2010.05.04"]
[SourceQuality "1"]

1. f4 g6 2. Nf3 Bg7 3. e3 c5 4. c4 Nf6 5. Nc3 0-0 6. Be2 d5 7. cxd5 Nxd5 8. Qb3 Nb6 9. d3 Nc6 10. 0-0 a5 11. Ne4 Be6 12. Qd1 c4 13. d4 Bd5 14. Nc3 Be6 15. Ng5 Bf5 16. g4 Bc8 17. h3 a4 18. Bd2 a3 19. bxa3 Rxa3 20. Nb5 Ra8 21. a4 e5 22. Bc3 exf4 23. exf4 Nd5 24. Qc1 Nxc3 25. Qxc3 Nxd4 26. Qxc4 Nxb5 27. Rad1 Qb6+ 28. Kg2 Nd4 29. Kg3 h6 30. Ne4 Be6 0-1

[Event "Thessaloniki op"]
[Site "Thessaloniki"]
[Date "2010.04.09"]
[Round "7"]
[White "Stella, Andrea"]
[Black "Konstantelias, Konstantinos"]
[Result "1-0"]
[WhiteElo "2283"]
[BlackElo "2076"]
[PlyCount "67"]
[EventDate "2010.04.04"]
[EventType "swiss"]
[EventRounds "9"]
[EventCountry "GRE"]
[SourceTitle "CBM 135 Extra"]
[Source "ChessBase"]
[SourceDate "2010.05.04"]
[SourceVersion "1"]
[SourceVersionDate "2010.05.04"]
[SourceQuality "1"]

1. d4 Nf6 2. c4 g6 3. Nc3 Bg7 4. e4 d6 5. Bd3 0-0 6. Nge2 e5 7. d5 Na6 8. 0-0 Nh5 9. Be3 f5 10. exf5 gxf5 11. f4 e4 12. Bc2 Nf6 13. Bd4 Rf7 14. Qd2 Bd7 15. Nd1 c5 16. dxc6 bxc6 17. Ne3 Be6 18. Rad1 Bf8 19. Ng3 Ne8 20. Kh1 Qc7 21. a3 Rd8 22. b4 Bg7 23. Bb3 Qe7 24. Ba4 Nb8 25. Ne2 Nf6 26. Be5 Ne8 27. Bxg7 Nxg7 28. Nd4 Qb7 29. Qc3 Qa6 30. Bb3 Qb7 31. Rd2 Kf8 32. a4 Qe7 33. Rfd1 Ne8 34. Nxc6 1-0

[Event "Thessaloniki op"]
[Site "Thessaloniki"]
[Date "2010.04.08"]
[Round "5"]
[White "Galopoulos, Nikolaos"]
[Black "Konstantelias, Konstantinos"]
[Result "0-1"]
[WhiteElo "2333"]
[BlackElo "2076"]
[PlyCount "90"]
[EventDate "2010.04.04"]
[EventType "swiss"]
[EventRounds "9"]
[EventCountry "GRE"]
[SourceTitle "CBM 135 Extra"]
[Source "ChessBase"]
[SourceDate "2010.05.04"]
[SourceVersion "1"]
[SourceVersionDate "2010.05.04"]
[SourceQuality "1"]

1. d4 Nf6 2. c4 g6 3. Nc3 Bg7 4. e4 d6 5. Nge2 0-0 6. Ng3 Na6 7. Be2 c5 8. d5 e5 9. 0-0 Nc7 10. Be3 a6 11. a3 Bd7 12. b4 b6 13. Rb1 h5 14. Bg5 Qc8 15. bxc5 bxc5 16. Rb6 Nce8 17. Qb3 Kh7 18. Rb1 Ng8 19. Nf1 Bh6 20. Bxh6 Kxh6 21. Qd1 Qd8 22. Qd2+ Kg7 23. Bd1 Bb5 24. Rb7 Qc8 25. cxb5 Qxb7 26. b6 Ne7 27. Ne3 Rb8 28. Nc4 Qc8 29. Na5 f5 30. f3 Nf6 31. exf5 Qxf5 32. Nc6 Rb7 33. Bc2 Qf4 34. Qd3 c4 35. Qe2 Nfxd5 36. Nxd5 Nxd5 37. Qf2 Qe3 38. Qxe3 Nxe3 39. Na5 Rbb8 40. Ba4 Nd5 41. b7 Nc3 42. Rb4 Nxa4 43. Rxa4 d5 44. Kf2 Rf7 45. Rb4 Rc7 0-1